Jeff Bridges Movies - Statistics

General Stats
  • This quiz has been taken 3,733 times
  • The average score is 6 of 13
Answer Stats
Description Movie % Correct
Laziest dude in L.A. is caught in a noirish tale of mistaken identity and bowling The Big Lebowski
89%
Inside a computer, a man uses his frisbee to fight for the users TRON
83%
Genius playboy billionaire invents a weaponized body suit Iron Man
80%
Teenage girl hires a gritty U.S. Marshal to track her father's killer through Old West Oklahoma True Grit
77%
Underdog race horse inspires a nation ravaged by the Great Depression Seabiscuit
62%
Military quacks try to develop weapons using psychic powers The Men Who Stare at Goats
39%
Chain-smoking, alcoholic, no-good, old, broken-down country singer looks for redemption Crazy Heart
36%
Homeless man and ex-radio shock jock help each other with their problems The Fisher King
33%
Lounge-singing brothers are forced to add a female singer, but romantic tensions surface The Fabulous Baker Boys
30%
Banana-eating man claims to be an alien, but is actually just a crazy human - or is he? K-Pax
27%
The true story of an Old West legend and his friend Calamity Jane Wild Bill
22%
Sailing ship crewed by teenage boys encounters an unstoppable storm White Squall
17%
Teenage juvenile deliquent is forced to enroll in an elite gymnastics academy Stick It
14%
No matching quizzes found
Score Distribution
Percent of People with Each Score
Percentile by Number Answered
Your Score History
You have not taken this quiz